Accelerate: a skills-based short course. Upper-intermediate, Student's book
Uloženo v:
| Hlavní autoři: | , , |
|---|---|
| Médium: | Kniha |
| Jazyk: | angličtina |
| Vydáno: |
Oxford
MacMillan
1995
|
| Vydání: | 1a. ed |
| Edice: | English Language Teaching
|
| Témata: | |
| Tagy: |
Přidat tag
Žádné tagy, Buďte první, kdo vytvoří štítek k tomuto záznamu!
|
MARC
| LEADER | 00000nam a2200000 a 4500 | ||
|---|---|---|---|
| 001 | UCK0377 | ||
| 003 | CL-VaPUC | ||
| 008 | 041001e19950000UK |||||||||||||||||eng|d | ||
| 020 | |a 0435282697 | ||
| 082 | 0 | 4 | |a 428.07 |b NEW |2 21 |
| 100 | |a Newbrook, Jacky |e author |9 611938 | ||
| 700 | 0 | |a Newbrook, Nigel |e author |9 488299 | |
| 700 | |a Kenny, Nick |e author |9 611940 | ||
| 245 | 1 | 0 | |a Accelerate: a skills-based short course. Upper-intermediate, Student's book |
| 250 | |a 1a. ed | ||
| 300 | |a 95 p | ||
| 942 | |c BK | ||
| 945 | |d 20041001 00:00:00 |a cmena | ||
| 260 | |a Oxford |b MacMillan |c 1995 | ||
| 500 | |a Complementario con cassette | ||
| 650 | 0 | |a Enseñanza del inglés |9 367340 | |
| 650 | 0 | |a Lengua inglesa |9 318842 | |
| 650 | 0 | |a Libros de texto |9 270019 | |
| 583 | |a last modification |c 20041001 00:00:00 |k Rodrigo Vera | ||
| 490 | 0 | |a English Language Teaching | |
| 999 | |c 310837 |d 310835 | ||
| 952 | |0 0 |1 0 |4 0 |6 428_070000000000000_NEW_1995 |7 0 |8 A |9 379868 |a BIBEDU |b BIBEDU |d 2019-11-21 |i 4059182 |o 428.07 NEW 1995 |p 4059182 |r 2019-11-21 |w 2019-11-21 |y BK |k LIT | ||